BitLife - Cities - Statistics

General Stats
  • This quiz has been taken 19 times
  • The average score is 89 of 419
Answer Stats
Country City % Correct
Egypt Cairo
55%
Ireland Dublin
55%
United Kingdom London
55%
Canada Ottawa
55%
Canada Toronto
55%
Belgium Antwerp
45%
China Beijing
45%
Belgium Brussels
45%
Australia Canberra
45%
Denmark Copenhagen
45%
Ireland Cork
45%
China Guangzhou
45%
Cuba Havana
45%
Hong Kong Hong Kong
45%
Israel Jerusalem
45%
Afganistan Kabul
45%
DR Congo Kinshasa
45%
Spain Madrid
45%
Australia Melbourne
45%
Mexico Mexico City
45%
Russia Moscow
45%
Panama Panama City
45%
France Paris
45%
Brazil Rio de Janeiro
45%
Chile Santiago
45%
Brazil São Paulo
45%
Russia St. Petersburg
45%
Australia Sydney
45%
Georgia Tbilisi
45%
Ethiopia Addis Ababa
36%
Egypt Alexandria
36%
Algeria Algiers
36%
Andorra Andorra la Vella
36%
Turkey Ankara
36%
New Zealand Auckland
36%
Iraq Baghdad
36%
Thailand Bangkok
36%
Spain Barcelona
36%
Brazil Belo Horizonte
36%
Germany Berlin
36%
Switzerland Bern
36%
Colombia Bogotá
36%
France Bordeaux
36%
Brazil Brasília
36%
Romania Bucharest
36%
Hungary Budapest
36%
Argentina Buenos Aires
36%
Canada Calgary
36%
Colombia Cali
36%
India Delhi
36%
Bangladesh Dhaka
36%
Canada Edmonton
36%
Australia Gold Coast
36%
Guatemala Guatemala City
36%
Canada Halifax
36%
Finland Helsinki
36%
India Hyderabad
36%
Turkey Istanbul
36%
Indonesia Jakarta
36%
Afganistan Kandahar
36%
Jamaica Kingston
36%
Bolivia La Paz
36%
Peru Lima
36%
Portugal Lisbon
36%
Angola Luanda
36%
France Lyon
36%
Brazil Manaus
36%
United Kingdom Manchester
36%
France Marseille
36%
Colombia Medellín
36%
Italy Milan
36%
Canada Montreal
36%
India Mumbai
36%
Bahamas Nassau
36%
Australia | United Kingdom Newcastle
36%
United States New York
36%
Algeria Oran
36%
Norway Oslo
36%
Australia Perth
36%
Czech Republic Prague
36%
Canada Quebec City
36%
Ecuador Quito
36%
Brazil Recife
36%
Canada Regina
36%
Italy Rome
36%
Costa Rica San José
36%
United States San Jose
36%
El Salvador San Salvador
36%
Canada Saskatoon
36%
South Korea Seoul
36%
China Shanghai
36%
China Shenzhen
36%
Singapore Singapore
36%
Sweden Stockholm
36%
Taiwan Taipei
36%
Estonia Tallinn
36%
Israel Tel Aviv
36%
Canada Vancouver
36%
Austria Vienna
36%
Poland Warsaw
36%
New Zealand Wellington
36%
Canada Winnipeg
36%
Croatia Zagreb
36%
Denmark Aarhus
27%
United Arab Emirates Abu Dhabi
27%
Australia Adelaide
27%
Syria Aleppo
27%
Netherlands Amsterdam
27%
Samoa Apia
27%
Greece Athens
27%
United States Austin
27%
India Bangalore
27%
Belize Belmopan
27%
Norway Bergen
27%
United Kingdom Birmingham
27%
Germany Bremen
27%
Australia Brisbane
27%
Czech Republic Brno
27%
Belgium Bruges
27%
South Africa Cape Town
27%
Morocco Casablanca
27%
India Chennai
27%
Germany Cologne
27%
Syria Damascus
27%
Qatar Doha
27%
United Arab Emirates Dubai
27%
Croatia Dubrovnik
27%
Iraq Erbil
27%
Brazil Fortaleza
27%
Germany Frankfurt
27%
Belgium Ghent
27%
Egypt Giza
27%
United Kingdom Glasgow
27%
Mexico Guadalajara
27%
Ecuador Guayaquil
27%
Germany Hamburg
27%
Pakistan Islamabad
27%
Turkey Izmir
27%
Nepal Kathmandu
27%
India Kolkata
27%
Poland Krakow
27%
Ukraine Kyiv
27%
Nigeria Lagos
27%
Pakistan Lahore
27%
United Kingdom Liverpool
27%
Egypt Luxor
27%
Philippines Manila
27%
Morocco Marrakesh
27%
Monaco Monaco
27%
Uruguay Montevideo
27%
Iraq Mosul
27%
Germany Munich
27%
France Nice
27%
Thailand Phuket
27%
Haiti Port-au-Prince
27%
Portugal Porto
27%
Dominican Republic Punta Cana
27%
Saudi Arabia Riyadh
27%
United States San Francisco
27%
Puerto Rico San Juan
27%
Dominican Republic Santo Domingo
27%
Spain Seville
27%
Bolivia Sucre
27%
Morocco Tangier
27%
Iran Tehran
27%
Netherlands The Hague
27%
Japan Tokyo
27%
France Toulouse
27%
Tunisia Tunis
27%
Mongolia Ulaanbaatar
27%
Spain Valencia
27%
Italy Venice
27%
China Wuhan
27%
Switzerland Zürich
27%
Jordan Amman
18%
United States Anchorage
18%
Kazakhstan Astana
18%
Paraguay Asunción
18%
Indonesia Bali
18%
United States Baltimore
18%
Colombia Barranquilla
18%
Switzerland Basel
18%
Lebanon Beirut
18%
United Kingdom Belfast
18%
Serbia Belgrade
18%
Belize Belize City
18%
Israel (Palestine) Bethlehem
18%
Slovakia Bratislava
18%
United Kingdom Bristol
18%
South Korea Busan
18%
Mexico Cabo San Lucas
18%
United Kingdom Cardiff
18%
United States Charleston
18%
United States Charlotte
18%
United States Chicago
18%
Bangladesh Chittagong
18%
United States Compton
18%
Argentina Córdoba
18%
South Korea Daegu
18%
United States Dallas
18%
Hungary Debrecen
18%
Djibouti Djibouti City
18%
Ukraine Dnipro
18%
Ukraine Donetsk
18%
South Africa Durban
18%
Germany Dusseldorf
18%
Netherlands Eindhoven
18%
Andorra Encamp
18%
United States Fargo
18%
Morocco Fez
18%
Italy Florence
18%
Switzerland Geneva
18%
Italy Genoa
18%
Guyana Georgetown
18%
Malaysia George Town
18%
Sweden Gothenburg
18%
Germany Hanover
18%
Japan Hiroshima
18%
Australia Hobart
18%
United States Houston
18%
South Korea Incheon
18%
United States Indianapolis
18%
Saudi Arabia Jeddah
18%
South Africa Johannesburg
18%
Mexico Juárez
18%
Uganda Kampala
18%
United States Kansas City
18%
Pakistan Karachi
18%
Ukraine Kharkiv
18%
Japan Kobe
18%
Hong Kong Kowloon
18%
Malaysia Kuala Lumpur
18%
Kuwait Kuwait City
18%
Japan Kyoto
18%
Papua New Guinea Lae
18%
Switzerland Lausanne
18%
United Kingdom Leeds
18%
Nicaragua Leon
18%
United States Little Rock
18%
Angola Lubango
18%
DR Congo Lubumbashi
18%
Peru Macchu Picchu
18%
Sweden Malmö
18%
Nicaragua Managua
18%
DR Congo Mbuji-Mayi
18%
Saudi Arabia Mecca
18%
Jamaica Montego Bay
18%
Mexico Monterrey
18%
Japan Nagoya
18%
Kenya Nairobi
18%
France Nancy
18%
France Nantes
18%
Italy Naples
18%
United States Newark
18%
Ukraine Odessa
18%
Japan Osaka
18%
Belgium Ostend
18%
Czech Republic Ostrava
18%
Pakistan Peshawar
18%
United States Philadelphia
18%
United States Phoenix
18%
Italy Pisa
18%
Brazil Porto Alegre
18%
Philippines Quezon City
18%
Netherlands Rotterdam
18%
Uruguay Salto
18%
Paraguay San Pedro
18%
Tunisia Sfax
18%
Tunisia Sousse
18%
Croatia Split
18%
India Srinagar
18%
United States St. Louis
18%
Germany Stuttgart
18%
Australia Townsville
18%
Romania Transylvania
18%
Norway Trondheim
18%
Italy Turin
18%
United States Washington
18%
United States Wichita
18%
Australia Wollongong
18%
Spain Zaragoza
18%
Pakistan Abbotabad
9%
United Kingdom Aberdeen
9%
Kuwait Al Ahmadi
9%
Kazakhstan Almaty
9%
United States Atlanta
9%
Angola Benguela
9%
Spain Bilbao
9%
Italy Bologna
9%
United States Boston
9%
United Kingdom Brighton
9%
United States Buffalo
9%
Italy Cagliari
9%
Mexico Cancún
9%
Vietnam Can Tho
9%
Venezuela Caracas
9%
Haiti Carrefour Ouest
9%
Italy Catania
9%
United States Chattanooga
9%
United States Cincinnati
9%
Paraguay Ciudad del Este
9%
United States Cleveland
9%
United States Columbus
9%
Brazil Curitiba
9%
Peru Cusco
9%
Vietnam Da Nang
9%
United States Denver
9%
United States Detroit
9%
Germany Dortmund
9%
Germany Dresden
9%
United Kingdom Edinburgh
9%
Iraq Fallujah
9%
Japan Fukuoka
9%
South Korea Gangnam
9%
Brazil Goiânia
9%
Spain Granada
9%
Vietnam Hai Phong
9%
Sweden Halmstad
9%
Vietnam Hanoi
9%
Zimbabwe Harare
9%
United States Hartford
9%
Vietnam Ho Chi Minh City
9%
United States Honolulu
9%
United Kingdom Hull
9%
United States Jacksonville
9%
Afganistan Jalalabad
9%
United States Las Vegas
9%
Germany Leipzig
9%
Uganda Lira
9%
United States Los Angeles
9%
Switzerland Lucerne
9%
Spain Málaga
9%
Nicaragua Masaya
9%
United States Memphis
9%
United States Miami
9%
United States Milwaukee
9%
United States Minneapolis
9%
Guatemala Mixco
9%
Kenya Mombasa
9%
Monaco Monte Carlo
9%
Bangladesh Narayanganj
9%
United States Nashville
9%
United States New Orleans
9%
Mexico Nogales
9%
United Kingdom Norwich
9%
United States Oklahoma City
9%
Aruba Oranjestad
9%
United States Orlando
9%
Italy Palermo
9%
Spain Palma
9%
Spain Pamplona
9%
France Perpignan
9%
United States Pittsburgh
9%
Puerto Rico Ponce
9%
United States Portland
9%
Poland Poznan
9%
Mexico Puerto Vallarta
9%
United States Raleigh
9%
Argentina Rosario
9%
United States Sacramento
9%
United States Salt Lake City
9%
Brazil Salvador
9%
Austria Salzburg
9%
United States San Antonio
9%
United States San Diego
9%
Paraguay San Ignacio
9%
El Salvador Santa Ana
9%
Greece Santorini
9%
United States Seattle
9%
Ireland Shannon
9%
Kazakhstan Shymkent
9%
United Kingdom Southampton
9%
South Africa Soweto
9%
El Salvador Soyapango
9%
United States Tampa
9%
Mexico Tijuana
9%
Iraq Tikrit
9%
United States Tucson
9%
Chile Valdivia
9%
Spain Valladolid
9%
Italy Verona
9%
Papua New Guinea Wewak
9%
United Kingdom Wolverhampton
9%
Japan Yokohama
9%
Spain A Coruña
0%
Vietnam Bien Hoa
0%
United States Biloxi
0%
United Kingdom Blackpool
0%
United States Brooklyn
0%
United Kingdom Cambridge
0%
BONUS CITYWhoever names it first wins Congratulations!
0%
Haiti Delmas Ouest
0%
Bangladesh Gazipur
0%
Uganda Gulu
0%
United Kingdom Ipswich
0%
India Jaipur
0%
Bangladesh Khulna
0%
Andorra La Massana
0%
United Kingdom Leicester
0%
Switzerland Lugano
0%
Mexico Mazatlán
0%
United Kingdom Milton Keynes
0%
United Kingdom Nottingham
0%
United States Oakland
0%
United Kingdom Oxford
0%
Spain Pontevedra
0%
Dominican Republic Puerto Plata
0%
Uruguay Punta del Este
0%
Spain Rota
0%
El Salvador San Miguel
0%
Spain San Sebastian
0%
Brazil Santos
0%
United States Scranton
0%
United Kingdom Sheffield
0%
United Kingdom Staines
0%
United Kingdom Sunderland
0%
United Kingdom Swansea
0%
Guatemala Villa Nueva
0%
No matching quizzes found
Score Distribution
Percent of People with Each Score
Percentile by Number Answered
Your Score History
You have not taken this quiz